000 00316nam a2200133Ia 4500
003 OSt
005 20240822154937.0
008 170524s9999 xx 000 0 und d
040 _cIIMT UNIVERSITY
100 _aVARSHNEY, R.L.
245 0 _aMANAGERIAL ECONOMICS
260 _bnew delhi : Sultan chand
942 _2ddc
_c02
999 _c8365
_d8365